000 00302nam a2200145Ia 4500
100 _aGrimes/ Richard Dr.
942 _cBK
654 _acomputer
245 _aDCOM Programming
260 _bWrox Press Ltd
_aNONE
_c1997
082 _a5.72
_bGRI
300 _a565
546 _aENGLISH
999 _c31575
_d31575